Análisis de alternativas de preparación de suelo para sembrar trigo en la zona centro sur de Chile

Uloženo v:
Podrobná bibliografie
Hlavní autoři: Mellado Zambrano, Mario (autor), Chavarría Rodríguez, Jorge (Autor), Velasco Hansen, Roberto (Autor)
Médium: Kniha
Jazyk:španělština
Vydáno: Chillán Ministerio de Agricultura 1998
Témata:
Tagy: Přidat tag
Žádné tagy, Buďte první, kdo vytvoří štítek k tomuto záznamu!

MARC

LEADER 00000nam a2200000 a 4500
001 UCM7525
003 CL-VaPUC
008 021220e19980000CL |||||||||||||||||spa|d
082 0 4 |a 631.51  |b MEL  |2 21 
100 |a Mellado Zambrano, Mario  |e autor  |9 530483 
700 0 |a Chavarría Rodríguez, Jorge  |e author  |9 473121 
700 0 |a Velasco Hansen, Roberto  |e author  |9 473122 
245 1 0 |a Análisis de alternativas de preparación de suelo para sembrar trigo en la zona centro sur de Chile 
300 |a 142 p 
942 |c BK 
945 |d 20021220 00:00:00  |a lriquelm 
260 |a Chillán  |b Ministerio de Agricultura  |c 1998 
650 0 |a Labranza  |9 401579 
650 0 |a Siembra  |9 360167 
650 7 |a PREPARACION DEL ALMACIGO  |2 CL-VaPUC  |9 473123 
650 7 |a TRIGO - CULTIVO  |2 CL-VaPUC  |9 473124 
583 |a last modification  |c 20021220 00:00:00  |k Rodrigo Vera 
999 |c 302286  |d 302284